Statistics for Movies that Start with E

Click here to take the quiz!

General Stats

  • This quiz has been taken 30,494 times
    (2,738 since last reset)
  • The average score is 11 of 18

Answer Stats

Description Movie % Correct
Children help a gentle, Reeses-loving alien return to his home planetE.T.
99%
Kooky outsider has shears for handsEdward Scissorhands
94%
Catholic priest must cast out a demon from a girl who vomits explosively
and swivels her neck in unnatural ways
Exorcist, the
92%
One of Santa's helpers is actually a human who must return to live with his own kindElf
90%
After blowing up the enemy space ship in the previous movie, things go south
for our band of plucky galactic rebels
Empire Strikes
Back, the
66%
In Victorian England, a surgeon tries to help a horribly deformed man who
is forced to be part of a freak show
Elephant Man, the
63%
God tells a man in modern-day Virginia to build an arkEvan Almighty
62%
Self-centered Incan emperor is turned into a llamaEmperor's New
Groove, the
61%
All-star cast of washed up action heroes conduct some sort of military missionExpendables, the
57%
Expert escapee tries to escape from an "unescapable" prison in San Francisco BayEscape from Alcatraz
52%
Heroic woman uncovers how an evil corporation has tainted the water supply
with cancer-causing chromium
Erin Brockovich
50%
Princess is banished from the fairy tale land of Andalasia to the gritty streets of New YorkEnchanted
48%
Genius boy goes to a special Battle School to learn how to fight space aliensEnder's Game
42%
In the year 1997, the entire island of Manhattan has been
turned into a maximum security prison
Escape from New York
38%
Cave man is unthawed in modern day Los AngelesEncino Man
36%
Two hippie bikers have a strange odyssey through the American south and westEasy Rider
35%
Fast-kicking martial artist battles an evil Hong Kong drug lord in a hall of mirrorsEnter the Dragon
34%
In the future, rich people live on an awesome space station while every one else
suffers on planet Earth
Elysium
32%

Score Distribution

Percentile by Number Answered

Percent of People with Each Score

Your Score History

You have not taken this quiz since the last reset